Servomechanizmy a automatizované pohony I /

Hlavní autor: Kalaš, Václav, 1928-2013
Jazyk: Slovenština
Vydáno: Bratislava : Slovenská vysoká škola technická, 1968
Vydání: 2., preprac. a dopl. vyd.
Fyzický popis: 254 s. ; 4°
Knihy
Uloženo v:
LEADER 00688nam a22002052a 4500
001 001088559
003 CZ BrMZK
005 20100304134119.0
007 ta
008 100301s1968 xo er|||||||||||slo d
040 |a ABA001  |b cze  |c ABA001  |d ABA001 
100 1 |a Kalaš, Václav,  |d 1928-2013  |7 jn20000620146  |4 aut 
245 1 0 |a Servomechanizmy a automatizované pohony I /  |c Václav Kalaš 
250 |a 2., preprac. a dopl. vyd. 
260 |a Bratislava :  |b Slovenská vysoká škola technická,  |c 1968 
300 |a 254 s. ;  |c 4° 
910 |a BOA001  |b TK-A-0152.577 
990 |a BK 
991 |b 201003 
996 7 |b 2629950217  |c TK-A-0152.577  |l MZK  |r Sklad / do 24 hodin  |n 1  |w 001112836  |u 000010  |a 1  |e BOA001  |j MZK50  |s A